money money money - ABBA lyrics - Statistics

General Stats
  • This quiz has been taken 1,043 times
  • The average score is 178 of 208
Answer Stats
Answer % Correct
i
100%
a
99%
money
99%
in
98%
man
98%
rich
97%
the
97%
world
97%
man's
96%
all
95%
funny
95%
be
94%
it
94%
to
93%
have
91%
if
91%
must
91%
day
89%
night
89%
work
89%
and
88%
bills
88%
me
88%
pay
88%
my
86%
had
85%
that
85%
would
85%
go
84%
little
84%
do
83%
sad
83%
for
82%
it's
82%
things
81%
too
81%
wealthy
81%
ain't
80%
bad
80%
plan
80%
always
79%
at
79%
dreams
79%
that's
79%
never
76%
sunny
75%
wouldn't
75%
left
74%
ball...
73%
could
73%
penny
72%
got
71%
single
71%
las
70%
is
69%
or
69%
vegas
69%
there
68%
i'd
67%
seems
67%
around
66%
but
66%
get
66%
monaco
66%
so
65%
find
64%
he
63%
life
63%
same...
63%
still
61%
fool
60%
hard
60%
mind
60%
can't
59%
like
59%
off
57%
will
57%
him
56%
game
54%
leave
54%
win
54%
fortune
53%
oh
52%
bet
50%
fancy
50%
free
49%
i'll
48%
happens
44%
No matching quizzes found
Score Distribution
Percent of People with Each Score
Percentile by Number Answered
Your Score History
You have not taken this quiz